000 00716nam a22002297a 4500
003 OSt
005 20260212063923.0
008 260212b |||||||| |||| 00| 0 eng d
020 _a978-0-88266-274-9
040 _aDWCL - Main lib
_cOC
082 _aCirc. 635.049097 P724 1995
100 _aPleasant, Barbara
245 _aThe gardeners guide to plant diseases :
_bearth safe remedies /
_cBarbara Pleasant
260 _a[ s.l. ] :
_bStorey Publishing,
_cc1995.
300 _a188 p. :
_bill. ;
_c23 cm.
504 _a1.Includes index.
650 _a1.Garden pest - biological control.
650 _a2.Organic gardening.
650 _a3.Plant diseases.
650 _a4.Plants
942 _2ddc
_cBK-CIRC
_mCirc.
_n0
999 _c8373
_d8373